000 00597cam a22002291 4500
001 sa 64002198
003 DLC
005 20260227112008.0
008 900202s1962 ii 000 1 tamo
010 _asa 64002198
035 _a(OCoLC)20992167
040 _aDLC
_cWaU
_dDLC
042 _apremarc
050 0 0 _aPL4758.9.R33
_bM3
100 1 _aRaman, S. K.,
_d1917-
245 1 0 _aMaturāntakiyin̲ kātal.
260 _c[1962]
300 _a320 p.
_c19 cm.
500 _aIn Tamil.
500 _aA novel.
600 0 0 _aMadhurantaki,
_cconsort of Kulottunga I,
_dactive 11th century
_vFiction.
999 _c57221
_d57221